80 ngày vòng quanh thế giới : Truyện khoa học viễn tưởng

Enregistré dans:
Détails bibliographiques
Auteur principal: Verne, Jules
Format: Livre
Langue:Undetermined
Publié: Hà Nội Hội Nhà Văn 2002
Sujets:
Tags: Ajouter un tag
Pas de tags, Soyez le premier à ajouter un tag!
Thư viện lưu trữ: Trung tâm Học liệu Trường Đại học Cần Thơ
LEADER 00606nam a2200205Ia 4500
001 CTU_53736
008 210402s9999 xx 000 0 und d
020 |b 30500 
082 |a 843.8 
082 |b V531 
100 |a Verne, Jules 
245 0 |a 80 ngày vòng quanh thế giới : 
245 0 |b Truyện khoa học viễn tưởng 
245 0 |c J. Vecnơ ; Duy Lập dịch 
260 |a Hà Nội 
260 |b Hội Nhà Văn 
260 |c 2002 
650 |a Science fiction, french ( vietnamese ) 
904 |i H.Mai 
980 |a Trung tâm Học liệu Trường Đại học Cần Thơ